For the greater good (Record no. 77978)
[ view plain ]
| 000 -LEADER | |
|---|---|
| fixed length control field | 01194cab a22002415a 4500 |
| 001 - CONTROL NUMBER | |
| control field | ##L135717 |
| 008 - FIXED-LENGTH DATA ELEMENTS--GENERAL INFORMATION | |
| fixed length control field | 061128s2006 xxk f 000 0 eng d |
| 035 ## - SYSTEM CONTROL NUMBER | |
| System control number | (Sirsi) u135717 |
| 041 0# - LANGUAGE CODE | |
| Language code of text/sound track or separate title | eng |
| 100 1# - MAIN ENTRY--PERSONAL NAME | |
| Personal name | Anderson, Richard N. H. |
| 245 00 - TITLE STATEMENT | |
| Title | For the greater good |
| Remainder of title | a pre-adjudication protocol? |
| 260 ## - PUBLICATION, DISTRIBUTION, ETC. | |
| Date of publication, distribution, etc. | 2006 |
| 490 #0 - SERIES STATEMENT | |
| Series statement | Construction Law Journal |
| Volume/sequential designation | 22(7) 2006, 437-444(8) |
| 520 ## - SUMMARY, ETC. | |
| Summary, etc. | Considers whether or not the time has come for the introduction of a pre-adjudication protocol. Examines what adjudication was intended to be; what it has become; the nature of the underlying problem; and what adjudication should be; before finally considering how the process of adjudication might be improved. [Taken from journal abstract]. |
| 590 ## - LOCAL NOTE (RLIN) | |
| Local note | KA |
| 650 24 - SUBJECT ADDED ENTRY--TOPICAL TERM | |
| Topical term or geographic name entry element | AMEC CIVIL ENGINEERING LTD V SOS TRANSPORT |
| 650 24 - SUBJECT ADDED ENTRY--TOPICAL TERM | |
| Topical term or geographic name entry element | JOHN MOWLEM & COMPANY V HYDRA-TIGHT LTD |
| 650 24 - SUBJECT ADDED ENTRY--TOPICAL TERM | |
| Topical term or geographic name entry element | CIB PROPERTIES LTD V BIRSE CONSTRUCTION LTD |
| 650 24 - SUBJECT ADDED ENTRY--TOPICAL TERM | |
| Topical term or geographic name entry element | CASTLE INNS (STIRLING) LTD V CLARK CONTRACTS LTD |
| 651 #4 - SUBJECT ADDED ENTRY--GEOGRAPHIC NAME | |
| Geographic name | United Kingdom |
| Chronological subdivision | |
| 690 ## - LOCAL SUBJECT ADDED ENTRY--TOPICAL TERM (OCLC, RLIN) | |
| Topical term or geographic name as entry element | MANAGEMENT-DISPUTE AVOIDANCE, MANAGEMENT AND RESOLUTION-DISPUTE MANAGEMENT AND RESOLUTION-ALTERNATIVE DISPUTE RESOLUTION-ADJUDICATION |
| 942 ## - ADDED ENTRY ELEMENTS (KOHA) | |
| Suppress in OPAC | 0 |
| Withdrawn status | Lost status | Source of classification or shelving scheme | Damaged status | Not for loan | Home library | Current library | Shelving location | Date acquired | Total Checkouts | Full call number | Barcode | Date last seen | Copy number | Price effective from | Koha item type |
|---|---|---|---|---|---|---|---|---|---|---|---|---|---|---|---|
| Dewey Decimal Classification | London | London | Journal article | 28/11/2006 | L135717 | 135717-1001 | 06/08/2019 | 1 | 06/08/2019 | Journal article |